1040 1812 1627 1129 1214 1923 1305 1373 1192 1194 1995 1006 1805 1998 1767 1633 1412 1128 1507 1778 1253 1231 1897 1056 1715 1814 1490 1608 1480 1741 1432 1055 1817 1883 1441 1045 1361 1252 1881 1347 1559 1305 1982 1344 1518 1709 1457 1794 1947 1598 1337 1081 1921 1956 1642 1396 1463 1250 1614 1907 1679 1081 1379 1410 1552 1714 1653 1586 1129 1374 1844 1972 1471 1752 1817 1217 1273 1631 1174 1979 1050 1614 1488 1276 1741 1387 1420 1892 1582 1977 1302 1894 1493 1227 1566 1393 1899 1319 1207 BCNSPRNW ULIB Ver.6.0+V

เปลี่ยนเป็นภาษาไทย

Change to English
 แสดงรายละเอียดบรรณานุกรม
  กลับหน้าหลัก

Brief Record : Get Marc (ISO 2709) : E-mail record : QR code < ปิดหน้าต่าง
LEADER : 00000nam 2200000uu 4500
001    13399123371
003     ULIB
008    140828s2546||||th 000 0 tha d
099    วจ WY105^bบ152ค
100 0  บรรจง พลไชย, สุรเชษฐ์ สมตัว และ สุพรรณี พูลผล
245 00 ความพึงพอใจของผู้ใช้บัณฑิตหลักสูตรพยาบาลศาสตรบัณฑิตและหลักสูตรพยาบาลศาสตร์บัณฑิต(ต่อเนื่อง) ที่สำเร็จกาีศึกษา ปีการศึกษา 2544 วิทยาลัยพยาบาลบรมราชชนนี นครพนม
260    นครพนม :^bวิทยาลัยพยาบาลบรมราชชนนี นครพนม,^c2544
300    79 หน้า
650  0 ความพึงพอใจผู้ใช้บัณฑิต
945    ^p0^l0^i015693
999    ^aเกษร โพธิ์สุวรรณ
รายการนี้ยังไม่มีแท็ก
คุณยังไม่ได้ล็อกอิน คุณสามารถมีกิจกรรมร่วมกับเว็บไซต์ได้ แต่ต้องล็อกอินก่อน ::
  ล็อกอิน

รายการสื่อสารสนเทศ

ลำดับที่ ประเภท เลขเรียก/บาร์โค้ด สถานที่ สถานะ
1. งานวิจัย
งานวิจัย
วจ WY105 บ152ค ฉ.1 
  Barcode: 015693
ห้องสมุดวิทยาเขตสวรรค์ประชารักษ์
►วิจัย
บนชั้น

BibComment


ยังไม่เคยถูกคอมเมนท์

คอมเมนท์ทรัพยากรรายการนี้
  คอมเมนท์: ความพึงพอใจของผู้..


 Copyright 2026. Bcnsprnw @Library